000 00606nam a22001937a 4500
005 20251108172849.0
008 250721s2003 xx 000 0 ara d
082 1 4 _a341.77/حمد
100 1 _aحمد، دوللي
_eمؤلف
245 1 0 _aالإرهاب الدولي : دراسة قانونية مقارنة /
264 1 _aبيروت :
_bصادر ناشرون،
_c2003.
300 _a288 ص.
650 1 7 _aالقانون الدولي
650 1 7 _aالإرهاب
650 1 7 _aالاتفاقيات الدولية
650 1 7 _aالجرائم الدولية
942 _2ddc
_cBK
999 _c90326
_d90326